=LDR 00000nam 2200000 4500 =001 INLIS000000000023465 =005 20130612122128 =008 ***********************************Ind** =035 ##$$0010-061300000023465 =041 ##$$a Ind =090 ##$$a 338.909, Sia a =100 ##$$a Siagan, P. Sondang =245 ##$$a Adminisrtasi pembangunan, Konsep, dimensi dan strteginya, Sondang P. Siagan, M.P.A =260 ##$$a 2003 $b Jakarta =300 ##$$a 199 hlm, 23 cm =650 ##$$a Pembangunan ekonomi indonesia =850 ##$$a NBPNMAT